000 00948nam a22002057a 4500
999 _c63449
_d63449
003 Ge_BSU
005 20251013145404.0
008 251013s2009 ge ||||| |||| 00| 0 geo d
020 _a9789941126918
041 _ageo
080 _a31:338.5 ა-15
100 _aაბესაძე, ნინო
_92811
245 _aფასების სტატისტიკური შესწავლის თანამედროვე პრობლემები /
_c ნინო აბესაძე; [რედ. სიმონ გელაშვილი].
264 _aთბ. :
_bუნივერსალი,
_c 2009.
300 _a147გვ. :
_bსქ., ცხრ. ;
_c20 სმ.
504 _aბიბლიოგრ.: გვ. 144-145.
653 _aფასების სტატისტიკა
700 _aგელაშვილი, ს.
_eრედაქტორი
_95758
942 _2udc
_cᲬᲘᲒᲜᲘ